Entry Konu Terimi
001 - KONTROL NUMARASI
- Kontrol alanı: 84359
003 - KONTROL NUMARASI KİMLİĞİ
- Kontrol alanı: TR-BiSEU
005 - SON İŞLEM TARİHİ VE ZAMANI
- Kontrol alanı: 20260207003458.0
008 - SABİT UZUNLUKTAKİ VERİ ÖGELERİ - GENEL BİLGİ
- Sabit uzunlukta kontrol alanı: 260207|| aca||aabn | a|a d
040 ## - KATALOGLAMA KAYNAĞI
- Özgün kataloglama kurumu: TR-BiSEU
- Çeviri kurumu: TR-BiSEU
150 ## - KONU BAŞLIKLARI - KONU TERİMİ
- Konu terimi: Tarancı, Cahit Sıtkı, 1910-1956--Biyografi
670 ## - BİLGİNİN KAYNAĞI
- Bilginin alındığı kaynak: KOHA: (TR-BiSEU)45772: Doğumunun 100. Yılında Cahit Sıtkı Tarancı Uluslararası Sempozyumu ( 2010 : Diyarbakır) 84358, Doğumunun 100. yılında Cahit Sıtkı Tarancı uluslararası sempozyumu, 7-9 Ekim 2010/
